Basics of biblical hebrew: grammar

Saved in:
Bibliografiske detaljer
Main Authors: Pratico, Gary D (Author), Van Pelt, Miles V (Author)
Format: Bog
Sprog:engelsk
hebraisk
Udgivet: Grand Rapids Zondervan 2007
Udgivelse:2a. ed
Fag:
Tags: Tilføj Tag
Ingen Tags, Vær først til at tagge denne postø!

MARC

LEADER 00000cam a2200000 a 4500
001 UCE7075
003 CL-VaPUC
008 150529e20070000us |||||||||||||||||eng|d
020 |a 9780310270201 
041 0 7 |a eng  |2 CL-VaPUC 
041 0 7 |a heb  |2 CL-VaPUC 
082 0 4 |a 492.4  |b PRA  |2 21 
100 0 |a Pratico, Gary D  |e author  |9 579803 
700 0 |a Van Pelt, Miles V  |e author  |9 579804 
245 1 0 |a Basics of biblical hebrew: grammar 
250 |a 2a. ed 
300 |a 475 p 
942 |c BK 
945 |d 20150529 15:00:00  |a cmena 
260 |a Grand Rapids  |b Zondervan  |c 2007 
650 0 |a Hebreo   |9 391464 
650 7 |a GRAMATICA HEBREA  |2 CL-VaPUC  |9 509884 
650 0 |a Biblia  |9 257603 
650 0 |a Antiguo testamento   |9 313678 
583 |a last modification  |c 20150529 15:00:00  |k Rodrigo Vera 
999 |c 359216  |d 359214 
952 |0 0  |1 0  |3 erd  |4 0  |6 492_400000000000000_PRA_2007  |7 0  |8 X  |9 468337  |a BIBTEO  |b BIBTEO  |i 5161002  |o 492.4 PRA 2007  |p 5161002  |r 2025-01-17  |w 2019-11-23  |y BK_X  |z Catalogado en:20150529  |k ICR